UML database modeling workbook
Saved in:
| Hovedforfatter: | |
|---|---|
| Format: | Bog |
| Sprog: | engelsk |
| Udgivet: |
Technics Publications
2013
|
| Udgivelse: | 1a. ed |
| Fag: | |
| Tags: |
Tilføj Tag
Ingen Tags, Vær først til at tagge denne postø!
|
MARC
| LEADER | 00000cam a2200000 a 4500 | ||
|---|---|---|---|
| 001 | UCE0535 | ||
| 003 | CL-VaPUC | ||
| 008 | 140124e20130000us |||||||||||||||||eng|d | ||
| 020 | |a 9781935504511 | ||
| 082 | 0 | 4 | |a 005.117 |b BLA |2 21 |
| 100 | 0 | |a Blaha, Michael |e author |9 572873 | |
| 245 | 1 | 0 | |a UML database modeling workbook |
| 250 | |a 1a. ed | ||
| 300 | |a 206 p | ||
| 942 | |c BK | ||
| 945 | |d 20140124 15:34:00 |a dcastane | ||
| 260 | |b Technics Publications |c 2013 | ||
| 650 | 0 | |a Lenguajes de programación |9 259458 | |
| 650 | 0 | |a Programación de computadores |9 259531 | |
| 650 | 0 | |a Informática |9 260044 | |
| 650 | 7 | |a UML |2 CL-VaPUC |9 572874 | |
| 650 | 0 | |a Software |9 387312 | |
| 583 | |a last modification |c 20140124 15:34:00 |k Rodrigo Vera | ||
| 999 | |c 354624 |d 354622 | ||
| 952 | |0 0 |1 0 |3 erb |4 0 |6 005_117000000000000_BLA_2013 |7 0 |8 A |9 460603 |a BIBING |b BIBING |i 5053382 |l 1 |o 005.117 BLA 2013 |p 5053382 |r 2025-01-20 |s 2023-10-24 |w 2019-11-23 |y BK |z Catalogado en:20140124 |k EII | ||